000
00379nam a22001577a 4500
003
MPLRDC
005
20220104114214.0
008
210129b ||||| |||| 00| 0 eng d
082
_a
782.22 GZSJ
100
_a
广智书局编辑部
245
_a
中国古代名女人传
_c
260
_a
_b
广智书局
_c
300
_b
平
650
_a
中国传记
942
_c
BK
_o
782.22 GZSJ
999
_c
5657
_d
5647